Statistiques concernant Descriptions des Pokémon (6G)

Cliquez ici pour prendre le quiz!

Statistiques générales

  • Ce quiz a été pris 20 fois
    (18 depuis la dernière actualisation)
  • Le résultat moyen est 14 sur 20

Statistiques - réponses

DescriptionPokémon% Correct
XXX vivait jadis dans les terres glacées. On dit que lorsqu’il pousse un cri, une aurore boréale nimbe le ciel nocturne.Amagara
100%
Aussi insaisissable qu’un ninja, il se joue de ses ennemis grâce à sa célérité, et les tranche de ses Sheauriken.Amphinobi
100%
Une légende raconte qu’il est possible de créer une panacée en infusant les feuilles vertes qui poussent sur ses branches.Brocélôme
100%
Il y a fort longtemps dans la région de Kalos, ce Pokémon fut le gardien des rois et des reines.Couafarel
100%
Il peut créer une multitude de diamants en un instant en serrant ses mains, simplement en compressant les molécules de carbone contenues dans l’air.Diancie
100%
Ses deux lames abattent leurs proies en enchaînant les attaques et les parades à un rythme effréné.Dimoclès
100%
En cas de coup de fatigue, il grignote des rameaux pour recharger ses batteries. Ses oreilles dégagent une chaleur qui dépasse les 200 °C.Feunnec
100%
Il confectionne la couronne qui orne sa tête en récoltant du pollen. Elle recèle de nombreuses propriétés curatives.Flabébé
100%
Il concentre du gaz dans sa pince droite et le fait exploser pour tirer une rafale d’eau sur ses ennemis, comme une balle de pistolet.Flingouste
100%
Il fait profiter ses fleurs de ses pouvoirs et met tout son cœur à leur entretien. Gare à ceux qui ravagent ses plates-bandes !Floette
100%
Ses pouvoirs psychiques lui permettent de créer des tourbillons de flammes à 3000 °C qui enveloppent et consument ses ennemis.Goupelin
100%
Il possède une puissance considérable sous son apparence véritable. Une légende raconte qu’il désirait si fort un trésor caché dans un château qu’il déroba l’édifice tout entier.Hoopa
100%
Les femelles sont un peu plus agressives et égoïstes que les mâles. Quand elles sont fâchées, elles se vengent avec leurs pouvoirs psychiques.Mistigrix
100%
Quand il est surexcité, sa température corporelle augmente d’un coup, à tel point qu’il est possible de se brûler en le touchant à mains nues.Passerouge
100%
Quand il saisit la branche plantée dans sa queue, elle prend feu par friction. Il peut communiquer avec ses congénères en agitant ce bâton enflammé.Roussil
100%
Il est sensible au danger. Lorsqu’il entend le battement d’ailes de Corvaillus, il creuse prestement un terrier et s’y cache.Sapereau
100%
Les ultrasons à 200 000 Hz qu’il émet suffiraient à rendre groggy le plus chevronné des lutteurs.Sonistrelle
100%
On raconte qu’il existerait quelque part dans le monde un filon regorgeant de XXX, qui abriterait également leur reine.Strassie
100%
Il mange son propre poids en sucre chaque jour. S’il n’a pas sa dose de sucreries, il devient horriblement grognon.Sucroquin
100%
Comme il n’est pas très bon nageur, il se contente de s’entortiller autour des algues. À Alola, on le trouve souvent près de Sinistrail.Venalgue
100%
Il est capable de générer un nuage de vapeur pour se cacher. Il vit dans des montagnes inhabitées.Volcanion
100%
On dit que ce Pokémon immortel peut offrir ses forces vitales. Il a été ranimé après avoir passé 1 000 ans endormi sous la forme d’un arbre.Xerneas
100%
Quand il sent que la fin de sa vie est proche, il aspire la force vitale des êtres vivants et retourne à l’état de cocon.Yveltal
100%
Ce Pokémon serait capable de prendre une forme encore plus puissante quand il se bat contre un ennemi qui menace l’écosystème.Zygarde
100%
Il peut émettre une puanteur si infâme qu’elle prive ses ennemis de leur combativité, ou un parfum si réconfortant qu’il encourage ses alliés.Cocotine
67%
Les moustaches du haut lui servent de capteurs pour inspecter son environnement ; celles du bas lui permettent de décharger de l’électricité.Dedenne
67%
La force de propulsion générée par l’expulsion de l’eau via la tuyère située à l’arrière de sa pince peut lui conférer une vitesse de 60 nœuds.Gamblast
67%
Il scrute les environs avec les yeux de ses paumes. En cas d’urgence, ses membres peuvent prendre des initiatives pour triompher de l’ennemi.Golgopathe
67%
Doté des pouvoirs hypnotiques les plus puissants du règne des Pokémon, il manipule son adversaire à sa guise.Sepiatroce
67%
Il se défend en joignant ses poings devant son visage. Dans cette posture, il peut même résister à l’onde de choc d’une explosion.Blindépique
50%
De nature belliqueuse, il dispose d’un fort instinct territorial. Quand il chasse, il se dispute régulièrement les proies avec ses congénères.Braisillon
50%
Sa poitrine et son dos sécrètent une mousse qui lui permet de subir moins de dégâts en amortissant le choc des attaques.Grenousse
50%
Il sort la crête sur sa tête à la surface de l’eau et l’expose à la lumière du soleil pour produire de l’énergie draconique.Kravarech
50%
Son corps est majoritairement composé d’eau. Il meurt s’il se dessèche, aussi préfère-t-il vivre tapi dans l’ombre.Mucuscule
50%
Une fois le combat entamé, il n’hésite pas une seconde, même contre un Pokémon de type Dragon dix fois plus gros que lui.Nymphali
50%
Il dévisage toujours ses adversaires d’un air renfrogné pour être pris au sérieux, mais dès que la tension retombe, son sourire reprend le dessus.Pandespiègle
50%
Vit caché sous le couvert des buissons. Poursuivi par un ennemi, il tente de l’intimider en hérissant les poils qui lui couvrent le corps.Pérégrain
50%
Il arrive qu’il ne comprenne pas les ordres de son Dresseur et qu’il le regarde d’un air ahuri. Cette réaction adorable l’a rendu populaire.Muplodocus
33%
Quand on le voit transportant les petits XXX qui vivent sur son dos, il y a une ressemblance certaine avec les véhicules déplaçant les fusées.Séracrawl
33%
Les lugubres lamentations nocturnes de son ventre seraient en fait les cris de souffrance d’âmes en peine, résonnant depuis l’au-delà.Banshitrouye
0%
Il renforce ses membres inférieurs en se ruant violemment sur ses congénères. Naturellement paisible, il ne provoque jamais un combat.Boguérisse
0%
Malgré sa petite taille, son intelligence lui permet d’affronter sans trembler de grands Pokémon tels que les Mackogneur ou les Hariyama.Brutalibré
0%
Il n’hésite pas à anéantir ses pauvres adversaires qui se retrouvent sans défense dans les ténèbres. Il est d’une nature cruelle et impulsive.Bruyverne
0%
Ce Pokémon paisible serait le premier à avoir jamais cohabité avec les humains.Cabriolaine
0%
Quand son Dresseur le tient par une corne, il est capable de deviner ses plus subtils changements d’humeur et de s’y adapter.Chevroum
0%
Ses quatre cornes constituant un radar extrêmement puissant, il n’a besoin ni de nez ni d’oreilles pour percevoir les sons et les odeurs.Colimucus
0%
Son agilité est incomparable. Il peut gravir une tour de 600 m de haut en moins d’une minute.Croâporal
0%
Il peut diagnostiquer l’état de santé mentale et physique de quelqu’un rien qu’à l’odorat. Un tel don pourrait avoir des applications en médecine.Cupcanaille
0%
Il contrôle les arbres environnants grâce aux racines qui poussent au bout de ses pieds, et attaque quiconque saccage la forêt.Desséliande
0%
La température de la surface de son corps est de -150 °C. Ce Pokémon est généralement très calme et très doux.Dragmara
0%
Grâce à ses puissants pouvoirs spirituels, il a contrôlé des humains et des Pokémon pour créer un pays conforme à ses idéaux.Exagide
0%
La fourrure de son ventre est un excellent isolant thermique. Jadis, on fabriquait des vêtements chauds en se servant de sa mue.Excavarenne
0%
Il raffole des Goélise et des Picassaut. Il déstabilise ses proies d’un bon coup de patte avant de les capturer avec ses serres acérées.Flambusard
0%
Il contrôle les fleurs qu’il cultive. Les tempêtes de pétales qu’il déchaîne sont aussi belles que redoutables.Florges
0%
Ce Pokémon sécrète son doux parfum grâce à un organe en forme de poche. S’il modifie son alimentation, l’odeur de son parfum change.Fluvetin
0%
Ce Pokémon vit dans le désert. Il n’a pas besoin de se nourrir, car il est capable d’absorber l’énergie du soleil.Galvaran
0%
Il gèle ses ennemis d’une bourrasque à -100 °C. Il vit en troupeau avec ses congénères, dans les neiges éternelles des hautes montagnes.Grelaçon
0%
Il est élevé avec ses congénères au sein de la troupe, mais dès qu’il peut chasser seul, il doit partir et vivre par ses propres moyens.Hélionceau
0%
Il était révéré dans un royaume des sables aujourd’hui disparu. Il est arrivé à Galar dans une cargaison de pierres précieuses.Iguolta
0%
La poudre qui recouvre son corps l’aide à réguler sa température. Il peut s’adapter à tous les climats.Lépidonille
0%
Sa tête et son dos sont recouverts d’une carapace tellement dure que même une collision avec un camion ne lui ferait rien.Marisson
0%
Si quelqu’un s’aventure à l’empoigner, il enroule son étoffe bleue autour du bras de l’infortuné et aspire son énergie vitale jusqu’à ce que ce dernier s’écroule.Monorpale
0%
Le mâle a tendance à se prélasser à longueur de journée. Si un ennemi surgit, en revanche, il défend ses congénères au péril de sa vie.Némélios
0%
Ils prennent de l’élan avec tout leur corps et soulèvent ainsi leur pierre pour se déplacer. Ils mangent les algues échouées sur le rivage.Opermine
0%
Il encaisse les attaques de plein fouet sans même tiquer et il poursuit sa route. Il étale ses ennemis d’un coup de patte capable de briser un poteau électrique.Pandarbare
0%
Il paraît qu’il accompagne les âmes des défunts jusque dans l’au-delà, pour qu’elles puissent goûter au repos éternel.Pitrouille
0%
Les ailes des XXX arborent différents motifs en fonction de leur aire d’origine. Il est possible que le climat y soit pour quelque chose.Prismillon
0%
Il possède des pouvoirs psychiques si puissants qu’il peut faire valser un catcheur. Malheureusement, il a du mal à les contrôler.Psystigri
0%
Il est un peu égoïste et aime être le centre d’attention. Il arrive que ses partenaires de jeu finissent avec de graves blessures.Ptyranidur
0%
La reconstitution de Pokémon est un art imparfait. D’aucuns pensent même qu’il était en fait couvert d’une robe semblable à un plumage.Rexillius
0%
Il sape la combativité de son adversaire en faisant clignoter son corps lumineux, puis profite de cet instant de répit pour s’enfuir.Sepiatop
0%
Il vivait autrefois dans les mines, mais quand les minéraux dont il se délectait se sont faits plus rares, il a migré vers les villages.Trousselin
0%

Distribution des résultats

Percentile par nombre de réponses

% des personnes avec chaque résultat

Votre développement - résultats

Vous n’avez pas pris ce quiz depuis la dernière actualisation